000 01737nam2a22002651 4500
001 rc\3559925
005 20250610041846.0
035 _a(NLR Aleph) 007685046
090 _a6579969
_c6579969
100 _a20130115d1976 |||y0rusy50 ca
101 0 _arus
102 _aRU
105 _aa c |||||
200 1 _a[Указания о мерах по обеспечению патентоспособности и патентной чистоты машин, приборов, оборудования, материалов и технологических процессов (ЗП-1-70)
_aИнструкция по экспертизе объектов техники на патентную чистоту]
210 _d[1976]
_aБ. м.
215 _a221 с.
_cил.
300 _aОписано по обл.
300 _aНа тит. л. загл. первого произведения
461 0 _1001rc\3559923
_12001#$aНормативно-инструктивные документы по вопросам патентования и продажи лицензий$e[В 2 ч.]$eЧ. 1-2$vЧ. 2
_96579950
_cМосква
_d[1976]
_nБ. и.
_o[В 2 ч.] : Ч. 1-2
_tНормативно-инструктивные документы по вопросам патентования и продажи лицензий
_vЧ. 2
532 1 3 _aУказания о мерах по обеспечению патентоспособности и патентной чистоты машин, приборов, оборудования, материалов и технологических процессов (ЗП-1-70)
801 0 _aRU
_bNLR
_gpsbo
801 1 _aRU
_bELAR
_2rusmarc
852 _aNLR
_j76-4/29791
942 _cBOOK
980 _aNB